00701nam a2200181 4500001000700000003000900007005001700016007000300033008004100036100002900077245013900106260003900245300002800284700003700312852003100349999001900380952012000399110382ES-MaACL20230906185036.0t|061121s1946 xxk r ||||1| d1 aOdgers, W. Blake.98652610aOdgers' principles of pleading and practice in civil actions in the High Court of Justice / cW. Blake Odgers, Lewis Frederick Sturge. aLondon : bStevens & Sons, c1946. aLXII, 446 p. ; c22 cm.1 aSturge, Lewis Frederick.9108509 aES-MaACLjC-4395 bR.24141 c110382d110382 00104070aATENEOMbATENEOMcSPALd2008-01-17eSCl0oC-4395p1115163r2023-02-23 00:00:00w2023-02-23yMONOGRAFIA